000 00261nam a2200109Ia 4500
008 231212s1984 xx 000 0 und d
041 _aeng
082 _a621.381
100 _aPadmanabhan T.R
245 _aDigital System Of
260 _aNew Delhi
_bMc Grow
_c1984
999 _c959252
_d959252